| 000 | 00567nam a2200181 a 4500 | ||
|---|---|---|---|
| 005 | 20250322063754.0 | ||
| 008 | 991125s1988 cu 000 0 spa u | ||
| 035 | _aUPN01000013522 | ||
| 049 | _aCG | ||
| 050 | 4 |
_aLC225 _bD46 |
|
| 245 | 0 | 0 |
_aDe quién es la responsabilidad : _bla escuela o la familia / _cMaría Teresa Burke Beltrán ... [et al.]. |
| 260 |
_aLa Habana : _bPueblo y Educación, _c1988. |
||
| 300 | _a56 p. | ||
| 650 | 4 | _aHOGAR Y ESCUELA | |
| 650 | 4 |
_aEducación y sociedad _96876 |
|
| 700 | 1 |
_aBurke Beltrán, María Teresa, _ecoaut. |
|
| 905 | _aLibro | ||
| 999 |
_c13522 _d13522 |
||